Statistics for Star Wars Rebels Character Quiz

Click here to take the quiz!

General Stats

  • This quiz has been taken 157 times
    (145 since last reset)
  • The average score is 39 of 79

Answer Stats

HintAnswer% Correct
Jedi PadawanEzra Bridger
98%
Droid Of The GhostChopper
97%
Jedi KnightKanan Jarrus
97%
Mandalorion GirlSabine Wren
97%
Pilot Of The GhostHera Syndulla
95%
Imperial Grand AdmiralThrawn
90%
LasatZeb Orrelios
89%
Old CloneRex
87%
PirateHondo Ohnaka
86%
Anakin’s PadawanAhsoka Tano
84%
^’s real nameCaleb Dume
84%
Palpatine’s apprenticeDarth Vader
84%
SithMaul
82%
Princess Of AlderaanLeia Organa
81%
Imperial Grand MoffWilhuff Tarkin
81%
EmperorSheev Palpatine
80%
Senator Of AlderaanBail Organa
79%
Main Villian Of Season 1The Grand Inquisitor
79%
Empire Turned RebelAlexsandr Kallus
76%
Jedi MasterObi Wan Kenobi
70%
InquisitorSeventh Sister
70%
Old CloneWolffe
70%
Satine’s SisterBo Katan Kryze
68%
Old CloneGregor
67%
Jedi MasterYoda
67%
Protocol Droid From OTC3PO
66%
Jedi Who Was Used As A TrapLuminara Unduli
66%
Astromech From OTR2D2
65%
InquisitorFifth Brother
63%
SmugglerLando Calrissian
63%
Leader Of The Rebel AllianceMon Mothma
63%
Hera’s DadCham Syndulla
61%
Rebel In Rogue OneSaw Gerrera
61%
Sabine’s BrotherTristan Wren
59%
Imperial GovernerArihnda Pryce
58%
Sabine’s MotherUrsa Wren
57%
Rebel PilotWedge Antilles
56%
Imperial ViceroyGar Saxon
55%
Old Force CreatureBendu
53%
InquisitorEighth Brother
51%
Hera And Kanan’s ChildJacen Syndulla
48%
Lothal SmugglerCikatro Vizago
42%
Sabine’s DadAlrich Wren
41%
Rebel CommanderJun Sato
41%
Lothal RebelRyder Azadi
41%
Gar’s BrotherTiber Saxon
40%
Annoying DroidAP5
37%
MandalorianFenn Rau
36%
Twi’lek found by clonesNuma
35%
Ezra’s MumMira Bridger
33%
Ezra’s DadEphraim Bridger
32%
Imperial ColonelWullf Yularen
31%
Thrawn’s AssassinRukh
30%
Large, greedy scoundrelAzmorigan
28%
Lothal BarsmanOld Jho
28%
Imperial AdmiralKassius Konstantine
27%
Met Ezra At Imperial AcademyJai Kell
26%
Sabine’s FriendKetsu Onyo
25%
Friend Of Ezra’s ParentsTseebo
25%
Rebel LeaderJan Dodonna
24%
Governer of Lothal in Seasons 1-2Maketh Tua
24%
Leader of Iron SquadronMart Mattin
24%
Keeps on getting demotedBrom Titus
23%
Fought with Cham in the Clone WarsGobi
23%
Super Tactical Droid on Onderon in the Clone WarsKalani
23%
Imperial OfficerYogar Lyste
20%
UgnaughtMelch
19%
Mon Cala Ship InventorQuarrie
19%
Met Ezra At Imperial AcademyZare Leonis
17%
Imperial CommanderCumberlayne Aresko
16%
Imperial CommanderMyles Grint
15%
Flew the TIE DefenderVult Skerris
15%
TIE Fighter PilotBaron Valen Rudor
14%
Imperial Captain on RylothSlavin
14%
Imperial pretending to be a RebelGall Trayvis
13%
UgnaughtTerba
13%
Investigating the temple on LothalMinister Veris Hydan
11%
Imperial Captain on GeonosisCaptain Brunson
9%
WookieKitwarr
9%

Score Distribution

Percentile by Number Answered

Percent of People with Each Score

Your Score History

You have not taken this quiz since the last reset